| 000 | 01428nam a2200361 c 4500 | ||
|---|---|---|---|
| 003 | BLK | ||
| 005 | 20250429133804.0 | ||
| 008 | 180409b bul|||||r ||||||| ||bul|| | ||
| 010 | _aKNG00135195000 | ||
| 020 |
_a978-954-529-454-9 _bиздат.: Колибри |
||
| 040 | _aBLK | ||
| 041 |
_aBUL _cBUL |
||
| 072 | 7 |
_2bullib _aН83 _xЧужда художествена литература Н |
|
| 080 |
_aПеруанска литература _b821.134.2(85) _x-312.4 _z821.134.2(85)-312.4 |
||
| 100 | 1 |
_aВаргас Льоса, Марио _eпърви автор _9281807 |
|
| 700 | 1 |
_aЮлзари, Емилия _eпрев. от исп. _9368326 |
|
| 139 |
_aВаргас Льоса, Марио _bВ 22 |
||
| 245 | 1 | 0 |
_aКой уби Паломино Молеро? _bРоман _cМарио Варгас Льоса; прев. от исп. Емилия Юлзари. |
| 257 | _aPER | ||
| 260 |
_аСофия _bКолибри _c2012 _fСофия : Симолини |
||
| 300 |
_a143 с. _c20 см |
||
| 380 | _aX | ||
| 500 | _aОриг. загл. ?Quien mato a Palomino Molero? / Mario Vargas LLosa. | ||
| 653 | _aкрими | ||
| 653 | _aромани | ||
| 659 | _aН | ||
| 852 | _aЦб 256777 | ||
| 856 | 4 |
_qpdf _u |
|
| 856 | 4 |
_qpdf _u |
|
| 942 |
_cKNG _n0 _012 |
||
| 944 |
_aCR _c18.10.2012 _lРусанова Ирена _k30542 |
||
| 944 |
_aED _c30.10.2017 _lф / _kВиолета_Тройчева |
||
| 999 |
_c129458 _d129458 |
||